[Event "Kalamazoo Mini-Swiss.3"]
[Site "Kalamazoo, MI"]
[Date "1998.??.??"]
[Round "?"]
[White "Johnston, D."]
[Black "Van Den Abell, Tom"]
[Result "0-1"]
[WhiteElo "1605"]
[BlackElo "1605"]
[PlyCount "130"]
[EventDate "1998.??.??"]

1. d4 e6 2. e3 Nf6 3. c4 d5 4. Nc3 c5 5. Be2 Nc6 6. Nf3 Be7 7. cxd5 exd5 8. O-O
O-O 9. Bb5 a6 10. Bxc6 bxc6 11. Ne5 Qc7 12. Nd3 Ng4 13. g3 c4 14. Nc5 Qb6 15.
N3a4 Qb5 16. b3 c3 17. Ba3 Qa5 18. b4 Qc7 19. Nxc3 Qd6 20. Qd2 Qh6 21. f4 Qxh2+
22. Qxh2 Nxh2 23. Kxh2 Bg4 24. f5 Bg5 25. Nd7 Rfe8 26. Ne5 Bxe3 27. Nxg4 Bxd4
28. Bb2 h5 29. Rad1 Bxc3 30. Bxc3 Re2+ 31. Rf2 Re4 32. Ne5 Rc8 33. Re2 Rxe2+
34. Kh3 Re3 35. Rd3 Rxd3 36. Nxd3 Re8 37. Ne5 f6 38. Nxc6 Re3 39. Bd4 Ra3 40.
Ne7+ Kf7 41. Nxd5 Rd3 42. Bc5 Rxd5 43. g4 Rd3+ 44. Kh4 g6 45. a4 Kg7 46. a5 Rd8
47. g5 gxf5 48. gxf6+ Kg6 49. Be7 Rd4+ 50. Kh3 Kf7 51. Kg2 Rg4+ 52. Kh2 f4 53.
b5 axb5 54. a6 Rg8 55. Bd6 Ra8 56. Bxf4 Rxa6 57. Be5 Ra2+ 58. Kg3 Re2 59. Ba1
b4 60. Kh4 Rh2+ 61. Kg5 h4 62. Be5 Rh1 63. Kg4 Re1 64. Bd4 Re4+ 65. Kh3 Rxd4
0-1

[Event "Michigan Open Reserve"]
[Site "Flint, MI"]
[Date "1998.??.??"]
[Round "?"]
[White "Johnson, Donta"]
[Black "West, Tony"]
[Result "1/2-1/2"]
[WhiteElo "1605"]
[BlackElo "1630"]
[PlyCount "121"]
[EventDate "1998.09.??"]

1. e4 c5 2. Nf3 Nc6 3. d4 cxd4 4. Nxd4 Nf6 5. Nc3 e5 6. Ndb5 d6 7. Bg5 a6 8.
Na3 b5 9. Bxf6 gxf6 10. Nd5 Bg7 11. c3 f5 12. Bd3 Be6 13. Ne3 fxe4 14. Bxe4 Rc8
15. Nac2 Ne7 16. Bd5 Nxd5 17. Nxd5 Rc5 18. Nde3 a5 19. Qd3 d5 20. Nf5 Bf6 21.
Ng3 e4 22. Qd1 b4 23. cxb4 axb4 24. Ne2 Bxb2 25. Ncd4 Bxa1 26. Qxa1 Rg8 27. Qd1
Qa8 28. Qb3 Qa3 29. O-O Bd7 30. Rb1 Qxb3 31. Rxb3 Rc4 32. a3 bxa3 33. Rxa3 Ra4
34. Rxa4 Bxa4 35. Nf4 Rg5 36. g3 Kd7 37. Kf1 Kd6 38. Ke2 Kc5 39. Nfe6+ fxe6 40.
Nxe6+ Kc4 41. Nxg5 h6 42. Nf7 Kc3 43. Nd6 Bd7 44. f3 exf3+ 45. Kxf3 d4 46. Ne4+
Kc2 47. Ke2 d3+ 48. Ke1 Bg4 49. Nd2 Be2 50. Ne4 h5 51. Nd2 Kc3 52. Ne4+ Kd4 53.
Nd2 Ke3 54. Nb1 Bg4 55. Nd2 Bf5 56. Nc4+ Kf3 57. Kd2 Bh7 58. Ne3 Bg6 59. Nd5
Be4 60. Nf4 Kg4 61. h3+ 1/2-1/2

[Event "Michigan Amateur"]
[Site "Kalamazoo "]
[Date "1998.??.??"]
[Round "?"]
[White "Johnson, Donta"]
[Black "Skidmore, Mike"]
[Result "0-1"]
[WhiteElo "1605"]
[BlackElo "1895"]
[PlyCount "76"]
[EventDate "1998.07.??"]

{7/19} 1. e4 c6 2. d4 d5 3. Nc3 dxe4 4. Nxe4 Bf5 5. Ng3 Bg6 6. Nf3 e6 7. Bd3
Bxd3 8. Qxd3 Nf6 9. O-O Be7 10. b3 Nbd7 11. Bb2 O-O 12. Rfe1 Qc7 13. Rad1 Rad8
14. Nd2 Bb4 15. c3 Be7 16. Nde4 Nxe4 17. Nxe4 Bf6 18. Qf3 Be7 19. c4 Bb4 20.
Re3 e5 21. Red3 f5 22. Ng5 Rde8 23. dxe5 Nxe5 24. Bxe5 Qxe5 25. g3 h6 26. Nh3
Qe2 27. Qxe2 Rxe2 28. Rd7 Rxa2 29. Rxb7 a5 30. Rdd7 Bc3 31. Nf4 Re8 32. Kg2 g5
33. Ng6 Bf6 34. Rdc7 c5 35. Rh7 Bd4 36. Rxh6 Rxf2+ 37. Kh3 Bf6 38. Rhh7 g4# 0-1

[Event "Michigan Beginners"]
[Site "Grand Rapids, MI"]
[Date "1998.??.??"]
[Round "?"]
[White "Johnson, Donta"]
[Black "Nolan, Matthew"]
[Result "1-0"]
[WhiteElo "1605"]
[BlackElo "1605"]
[PlyCount "81"]
[EventDate "1998.01.??"]

1. e4 c5 2. Nf3 d6 3. d4 cxd4 4. Nxd4 e5 5. Nf3 Nf6 6. Nc3 Be6 7. Bg5 Nbd7 8.
Bb5 Be7 9. Bxf6 Bxf6 10. Qxd6 Qe7 11. O-O-O Qxd6 12. Rxd6 O-O-O 13. Rhd1 a6 14.
Ba4 b5 15. Bb3 Bxb3 16. axb3 Nc5 17. Rc6+ Kb7 18. Rxc5 Rxd1+ 19. Kxd1 h5 20.
Nd5 Bd8 21. Nxe5 Rf8 22. Kd2 f6 23. Nc6 Bb6 24. Nxb6 Kxb6 25. Rc3 Rc8 26. Nb4
Rxc3 27. Kxc3 a5 28. Nd5+ Kc5 29. b4+ axb4+ 30. Nxb4 Kd6 31. Kd4 g5 32. b3 g4
33. f3 Ke6 34. c4 bxc4 35. bxc4 f5 36. exf5+ Kxf5 37. fxg4+ hxg4 38. g3 Ke6 39.
c5 Kd7 40. c6+ Kc7 41. Ke4 1-0

[Event "Michigan Open Reserve"]
[Site "Flint, MI"]
[Date "1998.??.??"]
[Round "?"]
[White "Johnson, Donta"]
[Black "Moore, Robert"]
[Result "0-1"]
[WhiteElo "1605"]
[BlackElo "1610"]
[PlyCount "54"]
[EventDate "1998.09.??"]

1. e4 c5 2. Nf3 d6 3. d4 cxd4 4. Nxd4 Nf6 5. Nc3 a6 6. Bg5 e6 7. f4 Be7 8. Qf3
Qc7 9. O-O-O b5 10. Bd3 Nbd7 11. g4 Bb7 12. Rhg1 Nc5 13. Bxf6 Bxf6 14. Nb3 Rc8
15. f5 Bxc3 16. bxc3 Nxb3+ 17. axb3 Qxc3 18. Kb1 Rc5 19. Rg3 b4 20. Qe2 Qe5 21.
Bc4 Ra5 22. c3 bxc3 23. Qc2 O-O 24. Rxc3 Rc5 25. Rc1 Rfc8 26. fxe6 Bxe4 27.
exf7+ Kf8 0-1

[Event "Michigan Beginners"]
[Site "Grand Rapids, MI"]
[Date "1998.??.??"]
[Round "?"]
[White "Johnson, Donta"]
[Black "Masek, Adam"]
[Result "1-0"]
[WhiteElo "1605"]
[BlackElo "1605"]
[PlyCount "151"]
[EventDate "1998.01.??"]

1. e4 c6 2. d4 d5 3. Nc3 dxe4 4. Nxe4 Nd7 5. Nf3 Ngf6 6. Bd3 Nxe4 7. Bxe4 Nf6
8. Bd3 Bg4 9. c3 e6 10. O-O Bd6 11. Bc2 Qc7 12. h3 Bxf3 13. Qxf3 O-O 14. Bg5
Be7 15. Qd3 g6 16. Qf3 Qd8 17. Rad1 Nd5 18. Bh6 Re8 19. c4 Nb6 20. b3 Bf6 21.
Bd2 Qe7 22. Bc3 Rad8 23. Rfe1 Bg7 24. Re4 Rd7 25. Ba5 e5 26. Bxb6 axb6 27. d5
f5 28. Ree1 e4 29. Qe3 cxd5 30. Rxd5 Rxd5 31. cxd5 Rd8 32. Bd3 Qb4 33. Bc4 Kh8
34. Rd1 b5 35. Qb6 Qe7 36. Qxb5 e3 37. fxe3 Qxe3+ 38. Kh1 Re8 39. Bf1 Bd4 40.
Rxd4 Qe1 41. Qd3 Re3 42. Qd1 Qf2 43. Rc4 Re1 44. Qd4+ Qxd4 45. Rxd4 Rxf1+ 46.
Kh2 Rc1 47. d6 Rc8 48. d7 Rd8 49. Kg3 Kg7 50. Kf4 Kf6 51. Rd6+ Ke7 52. Ke5 f4
53. Re6+ Kxd7 54. Rd6+ Ke7 55. Rxd8 Kxd8 56. Kxf4 Kd7 57. Ke5 Ke7 58. a4 h6 59.
b4 g5 60. a5 Kd7 61. b5 Kc7 62. a6 bxa6 63. bxa6 Kb6 64. Kf5 Kxa6 65. Kg6 Kb6
66. Kxh6 Kc6 67. Kxg5 Kd7 68. Kf6 Ke8 69. g4 Kf8 70. g5 Kg8 71. g6 Kh8 72. g7+
Kg8 73. h4 Kh7 74. Kf7 Kh6 75. g8=Q Kh5 76. Qg5# 1-0

[Event "Michigan Open Reserve"]
[Site "Flint, MI"]
[Date "1998.??.??"]
[Round "?"]
[White "Johnson, Donta"]
[Black "June, Brian"]
[Result "0-1"]
[WhiteElo "1605"]
[BlackElo "1775"]
[PlyCount "104"]
[EventDate "1998.09.??"]

1. e4 c5 2. Nf3 Nc6 3. d4 cxd4 4. Nxd4 d6 5. Nc3 Nf6 6. Bc4 g6 7. f3 Bg7 8. Be3
Bd7 9. Qd2 O-O 10. O-O-O Ne5 11. Bb3 Rc8 12. h4 h5 13. Bh6 Nc4 14. Bxc4 Rxc4
15. g4 Qa5 16. Bxg7 Kxg7 17. Nde2 Rfc8 18. Qe3 b5 19. Rd4 b4 20. Rxc4 Rxc4 21.
Qd3 Qc5 22. Nd1 Bb5 23. g5 Nd7 24. b3 Rxc2+ 25. Qxc2 Qxc2+ 26. Kxc2 Bxe2 27. f4
Nc5 28. Nf2 Ne6 29. f5 gxf5 30. exf5 Nd4+ 31. Kd2 Bf3 32. Rf1 Nxf5 33. Nd3 Be4
34. Nxb4 e5 35. Nc6 Nxh4 36. Nxa7 Nf5 37. Nb5 h4 38. Nc3 Ng3 39. Rf2 Bc6 40.
Ke3 h3 41. Rc2 h2 42. Rxh2 Nf1+ 43. Kd3 Nxh2 44. b4 Nf3 45. b5 Bb7 46. a4 Nxg5
47. a5 Ne6 48. a6 Bxa6 49. bxa6 Nc5+ 50. Ke3 Nxa6 51. Nb5 d5 52. Ke2 Kf6 0-1

[Event "Kalamazoo Mini-Swiss.2"]
[Site "Kalamazoo, MI"]
[Date "1998.??.??"]
[Round "?"]
[White "Johnson, Donta"]
[Black "Higgins, Richard"]
[Result "1-0"]
[WhiteElo "1605"]
[BlackElo "1605"]
[PlyCount "111"]
[EventDate "1998.??.??"]

1. e4 c5 2. Nf3 Nc6 3. d4 cxd4 4. Nxd4 a6 5. Bc4 e6 6. Nc3 Bb4 7. Nde2 Qf6 8.
Bd2 b5 9. Bb3 Bb7 10. O-O Nd4 11. f3 Bc5 12. Kh1 Nxe2 13. Qxe2 Bd6 14. f4 Qh4
15. e5 Bc7 16. a4 Nh6 17. axb5 Ng4 18. h3 Nh6 19. bxa6 Bc6 20. Be1 Qxh3+ 21.
Kg1 Qf5 22. Ba4 O-O 23. Bxc6 dxc6 24. Bf2 Ng4 25. Qf3 Qh5 26. Qh3 Qxh3 27. gxh3
Nxf2 28. Kxf2 f6 29. exf6 Rxf6 30. Kg3 g5 31. Ne2 h5 32. Ra4 Rg6 33. Kf3 Bb6
34. Ke4 Bc7 35. fxg5 Rxg5 36. Rg1 Rxg1 37. Nxg1 Ra7 38. Ne2 Kf7 39. Nd4 Bb6 40.
Nxc6 Rc7 41. Ne5+ Kg8 42. Nc4 Bf2 43. Ne3 Ra7 44. b4 Bg3 45. b5 Bc7 46. Nc4 Kf7
47. b6 Bxb6 48. Nxb6 e5 49. Nc8 Ra8 50. Nd6+ Ke7 51. Kxe5 Kd7 52. a7 h4 53. Nc4
Re8+ 54. Kd5 Kc7 55. a8=Q Re5+ 56. Kxe5 1-0

[Event "Kalamazoo Mini-Swiss.2"]
[Site "Kalamazoo, MI"]
[Date "1998.??.??"]
[Round "?"]
[White "Johnson, Donta"]
[Black "Griffin, John"]
[Result "0-1"]
[WhiteElo "1605"]
[BlackElo "1605"]
[PlyCount "54"]
[EventDate "1998.??.??"]

1. e4 c5 2. Nf3 Nc6 3. d4 cxd4 4. Nxd4 Nf6 5. Nc3 e5 6. Ndb5 d6 7. Be2 a6 8.
Na3 b5 9. Nd5 Nxe4 10. Bf3 f5 11. Be3 Be6 12. Bb6 Qc8 13. Nc7+ Kf7 14. Nxa8
Qxa8 15. Bxe4 fxe4 16. Be3 d5 17. c3 Be7 18. Nc2 Rd8 19. O-O Qc8 20. h3 Kg8 21.
Qe2 d4 22. cxd4 exd4 23. Nxd4 Bc4 24. Qd2 Bxf1 25. Rxf1 Nxd4 26. Bxd4 Bf6 27.
Rd1 Rxd4 0-1

[Event "Kalamazoo Mini-Swiss.2"]
[Site "Kalamazoo, MI"]
[Date "1998.??.??"]
[Round "?"]
[White "Johnson, Donta"]
[Black "Griffin, John"]
[Result "0-1"]
[WhiteElo "1605"]
[BlackElo "1605"]
[PlyCount "72"]
[EventDate "1998.??.??"]

1. e4 c5 2. Nf3 Nc6 3. d4 cxd4 4. Nxd4 Nf6 5. Nc3 e5 6. Nf3 Bb4 7. Bd3 d5 8.
exd5 Nxd5 9. Bd2 Bxc3 10. Bxc3 Nxc3 11. bxc3 O-O 12. O-O Re8 13. Re1 f5 14.
Nxe5 Nxe5 15. Rxe5 Rxe5 16. Bc4+ Be6 17. Bd3 Qf6 18. Rb1 b6 19. Qf3 Bd5 20. Bc4
Rd8 21. Bxd5+ Rexd5 22. g3 Qc6 23. Kg2 Qd7 24. Re1 g6 25. h3 Rd2 26. Qf4 Qd5+
27. Kh2 Rxc2 28. Re7 Qc5 29. Re3 Rxc3 30. Qg5 Rf8 31. h4 Rxe3 32. fxe3 Qc2+ 33.
Kh3 Qe2 34. Qe7 Qg4+ 35. Kh2 Qe4 36. Qg5 Rc8 0-1

[Event "Kalamazoo Mini-Swiss.2"]
[Site "Kalamazoo, MI"]
[Date "1998.??.??"]
[Round "?"]
[White "Johnson, Donta"]
[Black "Bennett, D."]
[Result "0-1"]
[WhiteElo "1605"]
[BlackElo "1605"]
[PlyCount "56"]
[EventDate "1998.??.??"]

1. e4 c5 2. Nf3 d6 3. d4 cxd4 4. Nxd4 Nf6 5. Nc3 g6 6. Bc4 Bg7 7. Be3 O-O 8. f3
Nbd7 9. Qd2 Ne5 10. Bb3 Re8 11. O-O-O Bd7 12. h4 h5 13. Bh6 Bh8 14. Rdg1 Rc8
15. g4 hxg4 16. f4 Nc4 17. Qd3 Na5 18. e5 Nxb3+ 19. axb3 dxe5 20. fxe5 Nh5 21.
Qe4 Qb6 22. Be3 Bc6 23. Nxc6 Qxc6 24. Qxg4 Ng7 25. h5 b5 26. Rg2 b4 27. Na4 Nf5
28. Bd2 Qxc2# 0-1

[Event "Michigan Amateur"]
[Site "Kalamazoo "]
[Date "1998.??.??"]
[Round "?"]
[White "Johnson, Donta"]
[Black "Barta, Roger"]
[Result "1/2-1/2"]
[WhiteElo "1605"]
[BlackElo "1735"]
[PlyCount "120"]
[EventDate "1998.07.??"]

{7/18} 1. e4 e6 2. d4 d5 3. exd5 exd5 4. Nf3 Bd6 5. Nc3 c6 6. Bd3 Ne7 7. h3 Bf5
8. O-O O-O 9. Re1 Bxd3 10. Qxd3 Nd7 11. Ne2 Qc7 12. Ng5 Ng6 13. Bd2 Rae8 14. c4
dxc4 15. Qxc4 Nb6 16. Qb3 Nd5 17. Nc3 Ngf4 18. Nce4 h6 19. Nxd6 Qxd6 20. Ne4
Qg6 21. Ng3 h5 22. Qf3 Nd3 23. Re4 Rxe4 24. Qxe4 Qxe4 25. Nxe4 Nxb2 26. Rb1 Nc4
27. Be1 Re8 28. f3 b6 29. Rc1 b5 30. Bg3 f5 31. Nd6 Nxd6 32. Bxd6 Rc8 33. Kf2
Kf7 34. Kg3 g5 35. Rd1 Re8 36. Rc1 Re2 37. f4 Re3+ 38. Kf2 gxf4 39. Rxc6 Rd3
40. Bc5 Rd2+ 41. Kf3 Rxa2 42. Rd6 Nc3 43. Rd7+ Ke6 44. Rxa7 Rxa7 45. Bxa7 b4
46. Bc5 b3 47. Ba3 Kd5 48. Kxf4 Kxd4 49. Kxf5 Kd3 50. g4 Kc2 51. g5 Nb5 52. g6
Nxa3 53. g7 b2 54. g8=Q b1=Q 55. Qc8+ Kd2+ 56. Kg5 Qb5+ 57. Qf5 Qxf5+ 58. Kxf5
Ke3 59. Kg5 Nc4 60. Kxh5 Kf4 1/2-1/2

[Event "Michigan Class C"]
[Site "Grand Rapids, MI"]
[Date "1998.??.??"]
[Round "?"]
[White "Jensen, D."]
[Black "Solski, Jeff"]
[Result "0-1"]
[WhiteElo "1605"]
[BlackElo "1605"]
[PlyCount "70"]
[EventDate "1998.01.??"]

1. d4 Nf6 2. Nf3 g6 3. c4 Bg7 4. Nc3 O-O 5. e4 d6 6. Be3 Ng4 7. Be2 f5 8. Nd2
e5 9. d5 Nf6 10. f3 f4 11. Bf2 c6 12. Qb3 Nbd7 13. g4 Nc5 14. Bxc5 dxc5 15. Rd1
Ne8 16. h4 h6 17. Qc2 Bf6 18. Nb3 Bxh4+ 19. Kd2 Bxg4 20. Nxc5 Bf2 21. Kc1 Bxc5
22. fxg4 f3 23. Bf1 f2 24. Kb1 Qg5 25. dxc6 bxc6 26. Rh2 Bd4 27. Rxd4 exd4 28.
Nd1 d3 29. Qxd3 Rd8 30. Qc2 Rd2 31. Qb3 Qxg4 32. c5+ Kh7 33. Nc3 Rf3 34. Qb7+
Ng7 35. Rg2 Qxg2 0-1

[Event "Michigan Class C"]
[Site "Grand Rapids, MI"]
[Date "1998.??.??"]
[Round "?"]
[White "Jensen, D."]
[Black "Nolan, Brian"]
[Result "1/2-1/2"]
[WhiteElo "1605"]
[BlackElo "1605"]
[PlyCount "101"]
[EventDate "1998.01.??"]

1. d4 Nf6 2. c4 g6 3. Nc3 Bg7 4. e4 d6 5. Be3 Nbd7 6. Nf3 c5 7. Be2 O-O 8. O-O
b6 9. Qd2 cxd4 10. Bxd4 Qc7 11. Nd5 Nxd5 12. Bxg7 Kxg7 13. cxd5 Nf6 14. Bd3 Bg4
15. Rac1 Qd7 16. Qe3 Bxf3 17. Qxf3 Qg4 18. Rc7 Qxf3 19. gxf3 Ng8 20. Ba6 Kf6
21. Rfc1 e6 22. dxe6 Kxe6 23. Bc4+ Kf6 24. Rd1 Ke5 25. Bxf7 Nf6 26. Re7+ Kf4
27. Rxd6 Nh5 28. Kg2 Rad8 29. Rd5 Rxd5 30. Bxd5 Kg5 31. Rxh7 Nf4+ 32. Kf1 Rc8
33. Ke1 Rc2 34. b4 Nd3+ 35. Kd1 Rxf2 36. a3 Kf4 37. h3 Ne5 38. Ke1 Rb2 39. Kf1
Nxf3 40. Rf7+ Ke3 41. Rxf3+ Kxf3 42. e5+ Ke3 43. e6 Rf2+ 44. Kg1 Rf5 45. Ba2
Re5 46. Kg2 Kf4 47. Kf2 Kg5 48. Kf3 Kf6 49. h4 Rxe6 50. Bxe6 Kxe6 51. Kg4
1/2-1/2

[Event "Michigan Class C"]
[Site "Grand Rapids, MI"]
[Date "1998.??.??"]
[Round "?"]
[White "Jensen, D."]
[Black "Nikitin, Mike"]
[Result "0-1"]
[WhiteElo "1605"]
[BlackElo "1605"]
[PlyCount "80"]
[EventDate "1998.01.??"]

1. d4 Nf6 2. Nf3 g6 3. c4 d5 4. Bf4 Bg7 5. e3 O-O 6. Nbd2 c5 7. dxc5 Qa5 8. Be2
Nc6 9. O-O Rd8 10. Nb3 Qa4 11. Nbd4 Qb4 12. Qc2 Nxd4 13. Nxd4 Qxc5 14. Rac1 e6
15. Rfd1 a6 16. a3 Qe7 17. Be5 h5 18. c5 Ng4 19. Bxg7 Kxg7 20. Bxg4 hxg4 21.
Ne2 Rh8 22. Qc3+ Qf6 23. Qxf6+ Kxf6 24. Rd4 Kg5 25. Ng3 Bd7 26. Rb4 Bc6 27. Rd1
f5 28. f4+ Kf6 29. Nf1 Rh7 30. g3 Rc8 31. Rd2 Bb5 32. Rxb5 axb5 33. b4 Rhc7 34.
Rc2 b6 35. Nd2 bxc5 36. bxc5 Rxc5 37. Rxc5 Rxc5 38. Nb3 Rc3 39. Nd4 Rxa3 40.
Nxb5 Rxe3 0-1

[Event "Michigan Amateur"]
[Site "Kalamazoo "]
[Date "1998.??.??"]
[Round "?"]
[White "Jendras, Gerard"]
[Black "Schulte, Michael"]
[Result "1/2-1/2"]
[WhiteElo "1915"]
[BlackElo "1605"]
[PlyCount "124"]
[EventDate "1998.07.??"]

{7/18} 1. e4 e5 2. Nf3 d6 3. d4 Nf6 4. Nc3 Nbd7 5. Bc4 Be7 6. O-O O-O 7. h3 c6
8. a4 b6 9. Qe2 exd4 10. Nxd4 Ne5 11. Bf4 Nxc4 12. Nxc6 Qe8 13. Qxc4 Be6 14.
Nd5 Bxd5 15. exd5 Qd7 16. Rfe1 Bd8 17. b4 a6 18. Qd4 Nh5 19. Nxd8 Qxd8 20. Be3
b5 21. axb5 axb5 22. Rxa8 Qxa8 23. Ra1 Qc8 24. Qg4 Qxg4 25. hxg4 Nf6 26. Bf4
Nxd5 27. Bxd6 Re8 28. Ra5 Nc3 29. Bc5 f6 30. Kf1 Kf7 31. f3 Rd8 32. Ra7+ Kg6
33. Rc7 Rd1+ 34. Kf2 Rd2+ 35. Ke1 Re2+ 36. Kf1 Rxc2 37. Bd6 Rc1+ 38. Kf2 Nd1+
39. Ke2 Rxc7 40. Bxc7 Nc3+ 41. Kd3 Nd5 42. Bd6 Kf7 43. Kd4 Ke6 44. Kc5 Nxb4 45.
Bf8 Nd3+ 46. Kxb5 g6 47. Kc4 Ne1 48. Bb4 Nxg2 49. Kd4 h5 50. Bc5 h4 51. Kd3 h3
52. Bg1 f5 53. gxf5+ Kxf5 54. Ke2 Kg5 55. Kf2 Kh4 56. Bh2 g5 57. Bg3+ Kh5 58.
Bh2 Nf4 59. Kg3 Kg6 60. Kg4 Kf6 61. Bxf4 gxf4 62. Kxh3 Kg5 1/2-1/2

[Event "Michigan Amateur"]
[Site "Kalamazoo "]
[Date "1998.??.??"]
[Round "?"]
[White "Jendras, Gerard"]
[Black "Jacobs, Ron"]
[Result "1-0"]
[WhiteElo "1915"]
[BlackElo "1605"]
[PlyCount "55"]
[EventDate "1998.07.??"]

{7/18} 1. e4 c5 2. Nf3 d6 3. c3 Nf6 4. Bd3 Bg4 5. h3 Bh5 6. Bc2 Qa5 7. Na3 Nc6
8. Nc4 Qc7 9. a4 e6 10. O-O Be7 11. Re1 O-O-O 12. d4 Bxf3 13. gxf3 cxd4 14.
cxd4 d5 15. exd5 Rxd5 16. Be3 e5 17. Be4 Nxe4 18. fxe4 Rdd8 19. d5 Kb8 20. Rc1
Nd4 21. Nxe5 Qxe5 22. Qxd4 Qxd4 23. Bxd4 Bh4 24. Be5+ Ka8 25. Rc7 f6 26. Bg3 g5
27. Rec1 Kb8 28. Rc8# 1-0

[Event "U.S. Amateur North"]
[Site "Detroit, MI"]
[Date "1998.??.??"]
[Round "?"]
[White "Jaskot, Allan"]
[Black "Thompson, Shereece"]
[Result "1-0"]
[WhiteElo "1605"]
[BlackElo "1605"]
[PlyCount "73"]
[EventDate "1998.05.??"]

{5/24} 1. e4 e5 2. Nf3 Nc6 3. Nc3 Nf6 4. Bc4 Bc5 5. h3 O-O 6. Nd5 d6 7. Nxf6+
Qxf6 8. c3 Na5 9. Qa4 Nxc4 10. Qxc4 Bb6 11. d3 Be6 12. Qa4 Bc5 13. Bg5 Qg6 14.
Qb5 a6 15. Qxb7 Rab8 16. Qxc7 Rxb2 17. O-O Bxa2 18. h4 h6 19. Be7 Re8 20. Nxe5
dxe5 21. Bxc5 Rd2 22. Qd7 Kh7 23. Qxe8 Bb3 24. Qxe5 Rxd3 25. Qf5 Qxf5 26. exf5
Rxc3 27. Ra3 g6 28. fxg6+ fxg6 29. Be3 Kg7 30. Rb1 Bc2 31. Rb7+ Kf6 32. Bd4+
Kf5 33. Bxc3 g5 34. hxg5 Kxg5 35. Rg7+ Kh5 36. g4+ Kh4 37. Bf6# 1-0

[Event "U.S. Amateur North"]
[Site "Detroit, MI"]
[Date "1998.??.??"]
[Round "?"]
[White "Jaskot, Allan"]
[Black "Steen, Harold"]
[Result "0-1"]
[WhiteElo "1605"]
[BlackElo "1685"]
[PlyCount "112"]
[EventDate "1998.05.??"]

{5/23} 1. e4 d6 2. Bc4 Nf6 3. Nc3 g6 4. Nf3 Bg7 5. Ng5 O-O 6. Nxf7 Rxf7 7.
Bxf7+ Kxf7 8. d4 Nc6 9. h3 e5 10. d5 Nb8 11. Nb1 Nxe4 12. Qf3+ Nf6 13. g4 Kg8
14. Bg5 Qf8 15. Bxf6 Qxf6 16. Qxf6 Bxf6 17. Nd2 Nd7 18. b4 a5 19. b5 Nc5 20.
Rd1 b6 21. f3 Bb7 22. c4 Nd3+ 23. Kf1 Nc5 24. Ne4 Nxe4 25. fxe4 Bh4 26. Ke2 Rf8
27. Rhf1 Bc8 28. Rxf8+ Kxf8 29. Kf3 Kg7 30. Rg1 Bg5 31. Rg2 h6 32. Rg1 Bf4 33.
Rg2 g5 34. Rg1 Kg6 35. Rg2 h5 36. Rg1 Bd7 37. a4 Be8 38. Rg2 Kf6 39. Rg1 Bd2
40. Rf1 Kg7 41. Rf2 Bc3 42. Kg2 Bg6 43. Rc2 Bxe4+ 44. Kg3 h4+ 45. Kf2 Bxc2 46.
Ke2 e4 47. Ke3 Bd3 48. c5 dxc5 49. Kf2 Kf6 50. Ke3 Ke5 51. Kf2 Kf4 52. Kg2 e3
53. d6 cxd6 54. Kg1 Kf3 55. Kh1 e2 56. Kh2 Be5+ 0-1

[Event "Michigan Class D/E"]
[Site "Grand Rapids, MI"]
[Date "1998.??.??"]
[Round "?"]
[White "Jaskot, Allan"]
[Black "Smeckert, Dennis"]
[Result "0-1"]
[WhiteElo "1605"]
[BlackElo "1605"]
[PlyCount "28"]
[EventDate "1998.01.??"]

1. e4 e5 2. Nf3 Nc6 3. Bb5 d6 4. d4 Bd7 5. d5 Nce7 6. Bxd7+ Qxd7 7. O-O Ng6 8.
Bg5 Be7 9. Qd2 h6 10. Bxe7 N8xe7 11. c4 Nf4 12. g3 Neg6 13. gxf4 Qg4+ 14. Kh1
Qxf3+ 0-1

[Event "U.S. Amateur North"]
[Site "Detroit, MI"]
[Date "1998.??.??"]
[Round "?"]
[White "Jaskot, Allan"]
[Black "Dragomirov, Z."]
[Result "1-0"]
[WhiteElo "1605"]
[BlackElo "1605"]
[PlyCount "85"]
[EventDate "1998.05.??"]

{5/23} 1. e4 e5 2. Nf3 Nc6 3. Bb5 d6 4. d4 a6 5. Bc4 Nf6 6. Ng5 d5 7. exd5 Ng4
8. dxc6 Qf6 9. f3 exd4 10. fxg4 Bc5 11. Qf3 d3 12. Qxf6 gxf6 13. Nxf7 Rf8 14.
cxd3 Rxf7 15. Bxf7+ Kxf7 16. g5 fxg5 17. Bxg5 bxc6 18. Nc3 Bf5 19. Kd2 Rg8 20.
g4 Bxg4 21. Rhf1+ Ke8 22. Rae1+ Kd7 23. Rf7+ Kc8 24. Bf4 Bh5 25. Rxc7+ Kd8 26.
Rxc6 Rg2+ 27. Kc1 Bb4 28. a3 Bxc3 29. bxc3 Ra2 30. Rxa6 Ra1+ 31. Kd2 Rxe1 32.
Kxe1 Kc8 33. d4 Bg6 34. Rb6 Kd7 35. a4 Bc2 36. a5 Ba4 37. a6 Bc6 38. a7 h5 39.
Rxc6 Kxc6 40. a8=Q+ Kb6 41. Qd8+ Kb5 42. Qb8+ Ka4 43. Qb4# 1-0

[Event "Michigan Class D/E"]
[Site "Grand Rapids, MI"]
[Date "1998.??.??"]
[Round "?"]
[White "Jaskot, Allan"]
[Black "Dolin, Jack"]
[Result "0-1"]
[WhiteElo "1605"]
[BlackElo "1605"]
[PlyCount "86"]
[EventDate "1998.01.??"]

1. Nf3 d5 2. Nc3 d4 3. Nb5 c5 4. c3 a6 5. Qa4 Bd7 6. Qa3 Bxb5 7. cxd4 cxd4 8.
e3 Bxf1 9. Kxf1 d3 10. Qb3 Nf6 11. Ne5 Qd5 12. Nc4 b5 13. Na5 Qxb3 14. Nxb3 e5
15. f3 e4 16. a3 Nc6 17. a4 b4 18. f4 Be7 19. h3 Nh5 20. Ke1 Bh4+ 21. Kd1 Ng3
22. Rg1 Be7 23. Ke1 O-O 24. Nd4 Nxd4 25. exd4 Bf6 26. Kf2 Bxd4+ 27. Kxg3 Bxg1
28. b3 Bd4 29. Rb1 Rfe8 30. Bb2 Bxb2 31. Rxb2 e3 32. dxe3 Rxe3+ 33. Kf2 Rae8
34. Rb1 Re2+ 35. Kf3 d2 36. a5 Re1 37. Rb2 d1=Q+ 38. Kg3 Qd3+ 39. Kh4 Qd8+ 40.
Kg3 h5 41. Rf2 R8e3+ 42. Kh2 Qh4 43. Rd2 Qg3# 0-1

[Event "Michigan Class D/E"]
[Site "Grand Rapids, MI"]
[Date "1998.??.??"]
[Round "?"]
[White "Jaskot, Allan"]
[Black "Conlon, G."]
[Result "1-0"]
[WhiteElo "1605"]
[BlackElo "1605"]
[PlyCount "83"]
[EventDate "1998.01.??"]

1. e4 d5 2. exd5 Qxd5 3. Nc3 Qa5 4. Bc4 Nf6 5. h3 Bf5 6. Qf3 c6 7. d3 e6 8.
Nge2 Bb4 9. O-O Nbd7 10. Bf4 O-O 11. a3 Be7 12. b4 Qd8 13. Ng3 Bg6 14. Rfe1 Nb6
15. Bb3 Nfd5 16. Nxd5 Nxd5 17. Be5 Bd6 18. Nh5 Bxe5 19. Rxe5 Bxh5 20. Rxh5 Nf6
21. Re5 Qd4 22. Rae1 Rac8 23. Rg5 h6 24. Rg3 Kh8 25. b5 Qc5 26. bxc6 Qxc6 27.
Qe3 Qc5 28. Qf3 b5 29. a4 a5 30. Ra1 b4 31. Re1 Qc3 32. Rc1 Rc7 33. Bc4 Qa3 34.
Re1 Qxa4 35. Rxg7 Kxg7 36. Qg3+ Kh8 37. Qxc7 Qxc2 38. Qe7 Kg7 39. Re3 Ng8 40.
Qc5 Qd1+ 41. Kh2 Kh7 42. Qxf8 1-0

[Event "U.S. Amateur North"]
[Site "Detroit, MI"]
[Date "1998.??.??"]
[Round "?"]
[White "Jarosz, Stan"]
[Black "Wisckol, Richard"]
[Result "1/2-1/2"]
[WhiteElo "2040"]
[BlackElo "1900"]
[PlyCount "114"]
[EventDate "1998.05.??"]

{5/24} 1. Nf3 d5 2. d4 Nf6 3. Bf4 g6 4. h3 Bg7 5. e3 O-O 6. Be2 Nbd7 7. O-O Re8
8. Bh2 Ne4 9. Nbd2 f5 10. c4 e6 11. Qc2 c5 12. dxc5 Ndxc5 13. cxd5 exd5 14.
Nxe4 Nxe4 15. Rfd1 Be6 16. Nd4 Rc8 17. Qa4 Qb6 18. Nxe6 Rxe6 19. Bf3 Rec6 20.
Qb3 Qxb3 21. axb3 a6 22. Rxd5 Bxb2 23. Rad1 Bf6 24. Bxe4 fxe4 25. Be5 Bxe5 26.
Rxe5 Rc3 27. Rxe4 Rxb3 28. Rd7 Rb1+ 29. Kh2 a5 30. Ree7 a4 31. Rg7+ Kh8 32.
Rxh7+ Kg8 33. Rxb7 Rxb7 34. Rxb7 Ra8 35. Rb2 a3 36. Ra2 Ra4 37. Kg3 Kf7 38. f4
Kf6 39. h4 Kf5 40. Kf3 Ke6 41. e4 Kd6 42. Kg4 Ke6 43. Kg5 Kf7 44. e5 Ke6 45. g3
Kf7 46. h5 gxh5 47. Kxh5 Ra6 48. g4 Ke6 49. Kg5 Ra7 50. Kh4 Ra4 51. Kg3 Ra8 52.
g5 Kf5 53. e6 Kxe6 54. Kg4 Ra4 55. Kh5 Kf5 56. g6 Ra6 57. g7 Rg6 1/2-1/2

[Event "Michigan Open"]
[Site "Flint, MI"]
[Date "1998.??.??"]
[Round "?"]
[White "Jarosz, Stan"]
[Black "Smalec, John"]
[Result "1-0"]
[WhiteElo "2040"]
[BlackElo "1605"]
[PlyCount "79"]
[EventDate "1998.09.??"]

{9/7} 1. d4 Nf6 2. Nf3 d5 3. Bf4 c5 4. e3 e6 5. Nbd2 Bd6 6. Bg3 Nc6 7. c3 Bxg3
8. hxg3 Qd6 9. Bd3 e5 10. dxe5 Nxe5 11. Nxe5 Qxe5 12. Nf3 Qc7 13. Qa4+ Bd7 14.
Qf4 Qxf4 15. gxf4 O-O-O 16. O-O-O h6 17. Ne5 Be6 18. f5 Nd7 19. Nf3 Rhe8 20.
fxe6 fxe6 21. Bb5 Rf8 22. Bxd7+ Rxd7 23. Ne5 Rdd8 24. f4 d4 25. cxd4 cxd4 26.
Rxd4 Rxd4 27. exd4 Rxf4 28. Rd1 Rf2 29. Rd2 Rf4 30. Kd1 Kc7 31. Ke2 Kd6 32. Ke3
Rf6 33. Rf2 Kd5 34. Rxf6 gxf6 35. Ng4 f5 36. Nxh6 f4+ 37. Kd3 e5 38. dxe5 Kxe5
39. Nf7+ Ke6 40. Nd8+ 1-0